Principios de lógica

Na minha lista:
Detalhes bibliográficos
Main Authors: Gortari, Eli de (Author), Gorski, D. P (Author), Tavants, P. V (Author)
Formato: Livro
Idioma:espanhol
Publicado em: Ciudad de México Grijalbo 1971
Colecção:Colección 70, 102
Assuntos:
Tags: Adicionar Tag
Sem tags, seja o primeiro a adicionar uma tag!

MARC

LEADER 00000nam a2200000 a 4500
001 UCW6963
003 CL-VaPUC
008 920729e19710000MX |||||||||||||||||spa|d
082 0 4 |a 160  |b GOR  |2 21 
100 |a Gortari, Eli de  |e author  |9 597184 
700 |a Gorski, D. P  |e author  |9 519181 
700 0 |a Tavants, P. V  |e author  |9 312058 
245 1 0 |a Principios de lógica 
300 |a 159 p 
942 |c BK 
945 |d 19920729 00:00:00 
260 |a Ciudad de México  |b Grijalbo  |c 1971 
650 0 |a Lógica  |9 256849 
583 |a last modification  |c 19920729 00:00:00  |k Rodrigo Vera 
490 0 |a Colección 70, 102 
999 |c 219858  |d 219856 
952 |0 0  |1 0  |4 0  |6 160_000000000000000_GOR_1971  |7 0  |8 A  |9 211324  |a BIBEDU  |b BIBEDU  |d 2019-11-15  |i 2795264  |o 160 GOR 1971  |p 2795264  |r 2019-11-15  |w 2019-11-15  |y BK  |k EDU